The rights of conscience inalienable, and therefore religious opinions not cognizable by law: or, The high-flying church-man, stript of his legal robe, appears a Yaho /

Bibliographic Details
Main Author: Leland, John, 1754-1841
Format: eBook
Language:English
Series:Early American imprints. Evans (1639-1800) ; no. 23495.
Subjects:
Online Access:Evans Digital Edition

MARC

Tag First Indicator Second Indicator Subfields
LEADER 00000cam a2200000 a 4500
001 in00002139192
006 m e d #
007 cr mn mmmmabba
008 820512s1791 ctu s 000 0 eng d
005 20260330212423.3
035 |z w021996 
035 |a MAAR8205123601B 
035 |9 mwa91-51118 
035 |a 339487 
035 |a aas03021996 
040 |a MWA  |c MWA  |e bdrb  |d UtOrBLW 
100 1 |a Leland, John,  |d 1754-1841. 
245 1 4 |a The rights of conscience inalienable, and therefore religious opinions not cognizable by law: or, The high-flying church-man, stript of his legal robe, appears a Yaho /  |c By John Leland ; [One line from Elihu]. 
264 3 |a New-London [Conn.] :  |b Printed by T. Green & Son,  |c M,DCC,XCI. [1791] 
300 |a 29 pages, 3 unnumbered pages ;  |c 22 cm. (quarto) 
336 |a text  |b txt  |2 rdacontent 
337 |a computer  |b c  |2 rdamedia 
338 |a online resource  |b cr  |2 rdacarrier 
510 4 |a Evans  |c 23495 
510 4 |a Trumbull, J.H. Connecticut,  |c 979 
510 4 |a Johnson, H.A. New London,  |c 1236 
530 |a Microform version available in the Readex Early American Imprints series. 
533 |a Electronic text and image data.  |b [Chester, Vt. :  |c Readex, a division of Newsbank, Inc.,  |d 2002-2004.  |e Includes files in TIFF, GIF and PDF formats with inclusion of keyword searchable text.  |f (Early American imprints. First series ; no. 23495). 
500 |a Electronic resource. 
650 0 |a Liberty of conscience. 
650 0 |a Church and state. 
650 0 |a Freedom of religion. 
740 0 |a Rights of conscience inalienable. 
752 |a United States  |b Connecticut  |d New London. 
830 0 |a Early American imprints.  |n Series I,  |p Evans (1639-1800) ;  |v no. 23495. 
856 4 1 |u http://proxy.library.tamu.edu/login?url=https://opac.newsbank.com/select/evans/23495  |y Evans Digital Edition  |t 0 
999 |a MARS 
999 f f |s dc7f8648-4944-307d-8bb7-2f53aefb03d8  |i 375c2984-4b5a-32f7-86c6-fcc2d7b72e02  |t 0 
952 f f |a Texas A&M University  |b College Station  |c Electronic Resources  |s www_evans  |d Available Online  |t 0  |h No information provided 
998 f f |t 0  |l Available Online